00838cam a2200193Ia 4500040000800000082002600008100002300034245005100057260006000108300005100168500024100219650002200460650002800482650002200510650002000532700002500552700002600577710004100603 cFUG a362 UNI 1997 A066 Or.1 aReddy, Amulya K. N10aEnergy after Rio :bprospects and challenges / aNew York :bUnited Nations Development Programme, c1997 axii, 176 p. :bill. (some col.), maps ;c28 cm a"United Nations Development Programme in collaboration with International Energy Initiative and Energy 21 Stockholm Environment Institute and in consultation with Secretariat of the United Nations Commission on Sustainable Development." 0aEnergy industries 0aSustainable development 0aEnergy industries 0aPower resources1 aWilliams, Robert H.,1 aJohansson, Thomas B.,2 aUnited Nations Development Programme